| 000 | 00471nam a2200169 a 4500 | ||
|---|---|---|---|
| 001 | 3288 | ||
| 003 | CDMR | ||
| 005 | 20151016124801.0 | ||
| 008 | 130130s2004||||||||||||||||||||||||||||d | ||
| 040 |
_aCDMR _bcat _cCDMR |
||
| 110 | 2 |
_9133 _aCol·legi de Periodistes de Catalunya |
|
| 245 | 1 | 0 | _aQuè és el CPC? |
| 260 |
_aBarcelona _c2004 _bCol·legi de Periodistes de Catalunya |
||
| 300 | _a[9] p. | ||
| 610 | 0 | 4 |
_9133 _aCol·legi de Periodistes de Catalunya |
| 942 |
_cMON _2udc |
||
| 999 |
_c3288 _d3288 |
||